| 000 | 01135nam a2200325 c 4500 | ||
|---|---|---|---|
| 999 |
_c394686 _d394686 |
||
| 003 | BLK | ||
| 005 | 20210119122540.0 | ||
| 008 | 200311b bul|||||r ||||||| ||bul|| | ||
| 040 | _aBLK | ||
| 041 |
_aBUL _cBUL |
||
| 080 |
_aАрхитектура _b72 _z72 |
||
| 100 |
_aМорозов, Дориян _eпърви автор _9438517 |
||
| 139 | _aМорозов, Дориян | ||
| 245 | 1 | 0 |
_aИзобразителните похвати в архитектурата _cДориян Морозов. |
| 257 | _aBGR | ||
| 260 |
_aСофия _bТехника _c1958 |
||
| 300 |
_a262 с., 6 л. _bил. _c37 см |
||
| 380 | _a7 | ||
| 500 | _a1 500 тир. Библиогр. с. 242-243. Рез. на фр., нем., англ. ез. 33,75 лв. | ||
| 650 | 7 |
_aАрхитектура _9147603 |
|
| 852 |
_aЦб ІІ 356 _bЦб |
||
| 856 | 4 |
_qpdf _u |
|
| 856 | 4 |
_qpdf _u |
|
| 942 |
_cKNG _n0 _s1 |
||
| 944 |
_aCR _c2021-01-19 _kНР |
||